000 01957nam0a2200397 4500
001 RU\NLR\BIBL_A\011440932
005 20241115071425.0
010 _a9785885038089
_91500
021 _aRU
_b2017-47958
_93442
035 _a(RuMoRGB)008925858
035 _a(NLR Aleph) 011440932
090 _a11701742
_c11701742
100 _a20170719d2017 y0rusy50 ca
101 1 _arus
_cger
102 _aRU
105 _aa zzzz00000zy
200 1 _aПоваренная книга пяти элементов
_eпрактическое применение китайского учения о питании для западной кухни
_e200 рецептов для оздоровления тела и духа
_e[перевод с немецкого]
_fБарбара Темели и Беатрис Требут
210 _aМосква
_aСанкт-Петербург
_cДИЛЯ
_d2017
215 _a351 с.
_cил.
_d20
300 _aЗагл. и авт. ориг.: Das fünf Elemente Kochbuch / Barbara Temelie & Beatrice Trebuth
300 _aНа 4-й с. обл. авт.: Барбара Темели, врач тадиц. кит. медицины и Беатрис Требут, целитель
313 _aПред. изд. 2010
454 0 _12001#$aDas fünf Elemente Kochbuch
_1700#1$aTemelie$bB.$gBarbara
_1701#1$aTrebuth$bB.$gBeatrice
_tDas fünf Elemente Kochbuch
_aTemelie, Barbara
606 1 _aДиетические блюда
_xРецептура
_92080802
_3RU\NLR\AUTH\661256754
606 1 _aКитайская диета
_92430172
_3RU\NLR\AUTH\661446536
606 _aКитайская кухня
_92100835
_3RU\NLR\AUTH\661270587
686 _aР123.03я9
_2rubbk
686 _aЛ996.5я27
_2rubbk
686 1 _aЛ997(3)
686 1 _aР123.03
700 1 _aТемели
_bБ.
_gБарбара
701 1 _aТребут
_bБ.
_gБеатрис
942 _cBOOK
980 _aNBR